000 01542nam a2200361 i 4500
001 000015165
003 DO-SdBNP
005 20250718090629.0
007 ta
008 100202s2000 dr ac r 001 0bspa d
020 _a999343003X
040 _aDO-SdBNP
_bspa
_cBNPHU
_erda
041 _aspa
082 4 _a759.97294
_bA516x
_222
100 1 _aAmiama de Castro, Octavio,
_eautor
_4aut.
_934334
245 1 0 _aXavier Amiama, pintor de la noche de Haití :
_bbiografía novelada /
_cOctavio Amiama de Castro.
264 1 _aSanto Domingo :
_bBanco Central de la República Dominicana,
_c2000.
300 _a194 páginas :
_bilustraciones, retratos ;
_c24 cm.
336 _atexto
_btxt
_2rdacontent
337 _asin mediación
_bn
_2rdamedia
338 _avolumen
_bn
_2rdacarrier
490 0 _aBanco Central de la República Dominicana
504 _aBibliografía : páginas 167-171.
505 0 _aIntroducción --
_tI: Antecedentes --
_tII: Cuba, la primera bandera --
_tIII: La segunda bandera --
_tIV: La tercera bandera --
_tHermanos de Xavier --
_tDeclaraciones del Sr. George Nader --
_tJuicio acerca de Xavier como artista --
_tClave de notas y bibliografía --
_tFotos.
590 _aInventariado, 2018/BT
600 1 4 _aAmiama Quesada, Xavier,
_d1910-1969
_934335
650 4 _aPintores haitianos
_934336
650 4 _aPintura haitiana
_xHistoria
_934337
650 4 _aPintura caribeña
_xHistoria
_934338
710 2 _aBanco Central de la República Dominicana
_983405
910 _aValidado. Control de calidad. EMS
942 _2ddc
_cLBS1
999 _c14736
_d14736